000 00827nam a2200265 a 4500
003 CO-ViMGA
005 20230915233132.0
008 040310s2008 ck gr 000 fdspa d
020 _a9789588293417
040 _aCO-ViMGA
_bspa
_cCO-ViMGA
043 _as-ck---
090 _aN BERT
100 1 0 _aBernal, Mauricio
_d1973-
_919915
245 1 0 _aTacticas contra el tedio
_cMauricio Bernal
250 _a1a. ed.
260 3 _aBogot
_bVillegas Editores
_c2008
300 _a287 pg̀inas
_c21 cm.
490 _aColeccion turquesa. Narrativa
490 _aVillegas. Novela
650 1 4 _aLiteratura colombiana
_2LEMB
_ySiglo XX
_92515
650 1 4 _aNovela colombiana
_2LEMB
_ySiglo XX
_92514
650 1 4 _aPeriodistas colombianos
_vNovela
_2LEMB
_920220
650 1 4 _aSoledad en la literatura
_2LEMB
_922622
942 _2ddc
_cBK
999 _c35523
_d35523